000 00542nmm a2200169Ia 4500
008 251105s9999||||xx |||||||||||||||||und||
020 _a9788499405155
041 _aspa
100 _aRuiz Franco, Rosario (Ed.)
245 0 _aPensar el pasado : José María Jover y la historiografía española
264 _a[Madrid, España] :
_bBiblioteca Nueva,
_c2012
300 _a272 páginas
490 _aHistoria Biblioteca Nueva
650 _aHistory of Europe: Spain
856 _uhttps://public.digitaliapublishing.com/a/23547
942 _cCF
999 _c92720
_d92720